Nicht anerkannte Länder der Olympischen Spiele auf einer Karte - Statistiken

Allgemein
  • Dieses Quiz wurde 140 mal gespielt
  • Das Durchschnittsergebnis liegt bei 6 aus 11
Antworten auf der Karte
Die Antworten werden auf der Karte rot bzw. grün angezeigt, abhängig davon wie oft sie richtig erraten wurden.
 
Antwortstatistiken
Land % Korrekt
Hong Kong
94%
Palästina
88%
Bermuda
62%
Puerto Rico
61%
Aruba
52%
Guam
46%
Britische Jungferninseln
41%
Amerikanische Jungferninseln
38%
Amerikanisch Samoa
31%
Cookinseln
29%
Kaimaninseln
23%
Keine übereinstimmenden Quizze gefunden
Verteilung der Resultate
Anzahl Personen mit jedem Resultat
Perzentil nach korrekt beantworteten Fragen
Ihre Resultats-Entwicklung
Sie haben dieses Quiz noch nicht gespielt